Statistics for Australian Warblers

Click here to take the quiz!

General Stats

  • This quiz has been taken 19 times
  • The average score is 23 of 40

Answer Stats

HintAnswer% Correct
ThornbillsBrown Thornbill
100%
WhitefacesSouthern Whiteface
100%
FieldwrensStriated Fieldwren
100%
ScrubwrensWhite-browed Scrubwren
100%
ThornbillsYellow Thornbill
100%
GerygonesBrown Gerygone
80%
GerygonesDusky Gerygone
80%
ScrubwrensLarge-billed Scrubwren
80%
HeathwrensShy Heathwren
80%
ThornbillsStriated Thornbill
80%
WhitefacesBanded Whiteface
60%
ThornbillsBuff-rumped Thornbill
60%
WhitefacesChestnut-breasted Whiteface
60%
HeathwrensChestnut-rumped Heathwren
60%
ThornbillsChestnut-rumped Thornbill
60%
GerygonesFairy Gerygone
60%
ThornbillsInland Thornbill
60%
GerygonesMangrove Gerygone
60%
OthersScrubtit
60%
OthersSpeckled Warbler
60%
ScrubwrensTasmanian Scrubwren
60%
ThornbillsTasmanian Thornbill
60%
ScrubwrensTropical Scrubwren
60%
OthersWeebill
60%
GerygonesWhite-throated Gerygone
60%
ThornbillsYellow-rumped Thornbill
60%
ScrubwrensYellow-throated Scrubwren
60%
OthersFernwren
40%
GerygonesGreen-backed Gerygone
40%
OthersRedthroat
40%
OthersRockwarbler
40%
FieldwrensRufous Fieldwren
40%
ThornbillsSlaty-backed Thornbill
40%
GerygonesWestern Gerygone
40%
ThornbillsWestern Thornbill
40%
ScrubwrensAtherton Scrubwren
20%
GerygonesLarge-billed Gerygone
20%
ThornbillsMountain Thornbill
20%
OthersPilotbird
20%
ThornbillsSlender-billed Thornbill
20%

Score Distribution

Percentile by Number Answered

Percent of People with Each Score

Your Score History

You have not taken this quiz